| 000 | 01492nam a22003857a 4500 | ||
|---|---|---|---|
| 003 | CHAP | ||
| 005 | 20220329135450.0 | ||
| 008 | 971013s1985 r 00010 d | ||
| 010 | _a36953 | ||
| 011 | _a37925 | ||
| 035 | _a42045 | ||
| 040 | _cCHAP | ||
| 082 |
_a632 _bP37 |
||
| 100 | 0 | 0 |
_aParker, C. A. _985579 |
| 245 |
_aEcology and management of soilborne plant pathogens _b: proceedings |
||
| 260 |
_aSt. Paul, Minn. : _bAmerican Phytopathological Society, _c1985 |
||
| 300 |
_a358 p. _b: gráfs. |
||
| 590 |
_aBATCH-UPD _b10 _c20130110 _lUCH01 _h1920 |
||
| 590 |
_aBATCH-UPD _b10 _c20130410 _lUCH01 _h1246 |
||
| 590 |
_aBATCH-UPD _b10 _c20130914 _lUCH01 _h1046 |
||
| 590 |
_aCONVERSION _b10 _c20130109 _lUCH01 _h1321 |
||
| 650 | 1 | 4 |
_aControl biológico de plagas. _927587 |
| 650 | 1 | 4 |
_aFitopatología. _941161 |
| 650 | 1 | 4 |
_aPlantas _xResistencia a enfermedades. _988882 |
| 650 | 1 | 4 |
_aSuelos y cultivos. _9110571 |
| 650 | 1 | 4 |
_aSuelos y ecología. _9110574 |
| 650 | 1 | 4 |
_aSuelos y fitopatología. _9110577 |
| 710 | 0 |
_aInternational Congress of Plant Pathology (4 : 1983 : Melbourne) _959653 |
|
| 710 | 0 |
_aInternational Workshop on Take-All of Cereals (1 : 1983 : Victoria, Australia) _960136 |
|
| 710 | 0 |
_aThe American Phytophatological Society. St. Paul, Minn. _9112621 |
|
| 901 | _aBK | ||
| 942 | _cLIBRO | ||
| 949 |
_a632 P37 _bBC _cLIBRO _d33724000175691 _eLIBRO _gI.133613 _h69926 _i42045 _si |
||
| 949 |
_a632 P37 _bBC _cLIBRO _d33724000175709 _eLIBRO _fc.2 _gI.166666 _h82666 _i42045 _si _t351.00 |
||
| 999 |
_c36953 _d36953 |
||